Právny rámec ochrany životného prostredia

Pokračovanie príspevku z predchádzajúceho čísla. Prispôsobovanie environmentálnej legislatívy SR k právnym predpisom Európskej únie.

Uložené v:
Podrobná bibliografia
Hlavný autor: Gašparovič, Rudolf
Médium: Kapitola
Jazyk:Slovak
Predmet:
Tagy: Pridať tag
Žiadne tagy, Buďte prvý, kto otaguje tento záznam!

MARC

LEADER 00000naa a2200000 4500
001 0170071
005 20231208082941.4
041 0 |a slo 
044 |a SK 
245 1 0 |a Právny rámec ochrany životného prostredia  |c Rudolf Gašparovič 
520 |a Pokračovanie príspevku z predchádzajúceho čísla. Prispôsobovanie environmentálnej legislatívy SR k právnym predpisom Európskej únie. 
610 2 0 |a legislatíva 
610 2 0 |a prostredie životné 
610 2 0 |a Slovensko 
610 2 0 |a ochrana prostredia životného 
100 1 |a Gašparovič, Rudolf